| 000 | 00608nam a2200205Ia 4500 | ||
|---|---|---|---|
| 001 | 15354 | ||
| 003 | GE_BSU | ||
| 008 | 181216s||||||||xx |||||||||||||| ||und|| | ||
| 040 | _cGE_BSU | ||
| 080 | _a821.353.1-2 | ||
| 100 | _aღონღაძე,შალვა(შაქრო) | ||
| 245 | _aნათელა. დრამა 6 სურათად | ||
| 245 | _cრედ.დ.შენგელაია | ||
| 260 | _aთბილისი | ||
| 260 | _bაჭარსახელგამი | ||
| 260 | _c1938 | ||
| 300 | _a71გვ.16სმ. | ||
| 653 | _aპიესები | ||
| 942 | _cBK | ||
| 999 |
_c48460 _d48460 |
||